000 00615nam a2200181Ia 4500
008 100920s9999 xx 000 0 und d
082 _b44658
_a200 थ 81
100 _aअवचट काकासाहेब.
245 _aखरा तो एकचि धर्म.
260 _bसौभाग्य प्रकाशन, पुणे.
_c1981
300 _a104
_bसाधी
365 _b15
520 _aधार्मिक.
630 _aखरा तो एकचि धर्म.
650 _aधार्मिक.
730 _aखरा तो एकचि धर्म.
942 _cBOOK
999 _c693295
_d693292